La Ciudad Encantada (Record no. 152473)

MARC details
000 -LEADER
campo de control de longitud fija 00906nam a2200193 i 4500
001 - NÚMERO DE CONTROL
campo de control 152473
003 - IDENTIFICADOR DE NÚMERO DE CONTROL
campo de control ES-MaACL
005 - FECHA Y HORA DE LA ÚLTIMA TRANSACCIÓN
campo de control 20231224062931.0
008 - DATOS DE LONGITUD FIJA--INFORMACIÓN GENERAL
campo de control de longitud fija 931025s1875 sp af |||| | spa d
100 1# - ENTRADA PRINCIPAL--NOMBRE DE PERSONA
Nombre de persona Botella y de Hornos, Federico de,
Fechas asociadas al nombre 1822-1899
9 (RLIN) 30760
245 13 - MENCIÓN DEL TÍTULO
Título La Ciudad Encantada
Resto del título : hoces, salegas y torcas de la provincia de Cuenca /
Mención de responsabilidad, etc. por Federico de Botella y de Hornos.
260 ## - PUBLICACIÓN, DISTRIBUCIÓN, ETC.
Lugar de publicación, distribución, etc. Madrid :
Nombre del editor, distribuidor, etc. [s.n.],
Fecha de publicación, distribución, etc. 1875 (
Fabricante Imp. de T. Fortanet)
300 ## - DESCRIPCIÓN FÍSICA
Extensión 13 p., 5 h. de lám. :
Otras características físicas il. ;
Dimensiones 26 cm.
599 ## - NOTA A LAS ILUSTRACIONES
NOTA A LAS ILUSTRACIONES Las il son litografías de la Ciudad Encantada; firmadas por Teófilo Ruffle, Federico Botella, Gregorio Prados y Rufino López.
650 #4 - PUNTO DE ACCESO ADICIONAL DE MATERIA--TÉRMINO DE MATERIA
Término de materia o nombre geográfico como elemento de entrada Geología-
Subdivisión geográfica Cuenca (Provincia)
9 (RLIN) 149780
651 #4 - PUNTO DE ACCESO ADICIONAL DE MATERIA--NOMBRE GEOGRÁFICO
Nombre geográfico Cuenca (Provincia)-
Subdivisión general Descripción.
9 (RLIN) 137110
852 ## - LOCALIZACIÓN
Ubicación ES-MaACL
Número de control de estantería T-176-F-9
Nota libre - Enc. hol., falto de la enc. original
-- - Enc. en un vol. facticio
Holdings
Estatus retirado Estado de pérdida Estado de daño No para préstamo Colección Biblioteca de origen Biblioteca actual Ubicación en estantería Fecha de adquisición Total de préstamos Signatura topográfica completa Código de barras Visto por última vez Precio de reemplazo Tipo de ítem Koha
        Colección de folletos Biblioteca del Ateneo de Madrid Biblioteca del Ateneo de Madrid Depósito folletos 17/01/2008   T-176-F-9 1159214 23/02/2023 23/02/2023 Folleto